000 01191nam a2200349 i 4500
001 11448
003 KOSZ 005
005 20200421152415.0
008 990506s1967 pl g 000 0 pol
015 _aPB 1967/3423
040 _aWA N
_cKOSZ 005/RW
_dKOSZ 005/RW
_dKOSZ 005/HR
041 0 _apol
_ager
046 _k1967
080 _a54(038)=162.1=112.2
080 _a66(038)=162.1=112.2
245 0 0 _aSłownik chemiczny polsko - niemiecki :
_bPolnisch-deutsches chemisches Wörterbuch /
_cred. Zofia Sobecka.
246 3 1 _aPolnisch-deutsches chemisches Wörterbuch.
260 _aWarszawa :
_bWydawnictwa Naukowo-Techniczne,
_c1967.
300 _a[8], 517, [1] s. ;
_c22 cm.
380 _aKsiążki.
388 _a1901-2000
658 _aJęzykoznawstwo
658 _aChemia
650 4 _aTerminologia
655 4 _aSłownik terminologiczny
650 4 _aChemia
655 4 _aSłownik polsko-niemiecki
710 2 _aWydawnictwa Naukowo-Techniczne
_4pbl.
700 1 _aSobecka, Zofia
_eRedakcja
856 _uhttp://koha.tu.koszalin.pl/cgi-bin/koha/opac-detail.pl?biblionumber=11448
_yKatalog online BPK
942 _2UKD
_cKS
999 _c11448
_d11448